00816nam a22002297a 4500003000500000005001700005008004100022010001000063011001000073035001000083040000900093100003400102245016700136260004100303300002200344502007500366650002600441650003000467650002500497700003800522700002600560CHAP20220329142309.0000523d1999 mx r 00110 spa d a81239 a82211 a92699 cCHAP00aGómez Sánchez, Francisco.10aCrecimiento estacional y valor nutritivo de ocho variedades de alfalfac/por Francisco Gómez Sánchez, Hermes Alberto Joaquín Santos y Pedro Molina Mendóza aChapingo, Méx. :bEl autor,c2000. a64 h. :bgráfs. aTesis (Ing. Agr. Esp. en Zootecnia) -- UACH. Departamento de Zootecnia14aAlfalfaxCrecimiento.14aAlfalfaxValor nutritivo.14aAlfalfaxVariedades.0 aJoaquín Santos, Hermes Alberto.0 aMoina Mendoza, Pedro.